Most Important Cities by Continent According to the JetPunk Discord - Statistics

General Stats
  • This quiz has been taken 60 times
  • The average score is 49 of 59
Answer Stats
Continent Votes % Answer % Correct
Europe 49 100% London
100%
Europe 48 97.96% Paris
100%
Asia 55 100% Tokyo
100%
Africa 38 100% Cairo
98%
Europe 47 95.92% Moscow
98%
North America 41 100% New York
98%
Europe 44 89.80% Rome
98%
Oceania 42 97.67% Sydney
96%
Asia 54 98.18% Beijing
95%
Africa 37 97.37% Lagos
95%
North America 40 97.56% Los Angeles
95%
Europe 34 69.39% Madrid
95%
South America 30 100% Rio de Janeiro
95%
Europe 42 85.71% Berlin
93%
South America 29 96.67% Buenos Aires
93%
Asia 47 85,45% Delhi
93%
Africa 37 97.37% Johannesburg
93%
North America 40 97.56% Mexico City
93%
Asia 51 92.73% Shanghai
93%
North America 39 95.12% Toronto
93%
Africa 36 94.74% Cape Town
89%
North America 38 92.68% Chicago
89%
South America 28 93.33% Lima
89%
South America 28 93.33% Santiago
89%
Oceania 43 100% Melbourne
88%
Europe 32 65.31% Amsterdam
86%
Oceania 41 95.35% Canberra
86%
Asia / Europe 46 (AS) / 38 (EU) 83.64% (AS) / 77.55% (EU) Istanbul
86%
North America 21 51.22% Miami
86%
Oceania 40 93.02% Perth
86%
North America 32 78.05% San Francisco
86%
South America 29 96.67% São Paulo
86%
North America 37 90.24% Washington
86%
South America 27 90% Bogotá
84%
South America 25 83.33% Brasília
84%
South America 27 90% Caracas
84%
Asia 50 90.91% Singapore
84%
Oceania 42 97.67% Auckland
81%
Asia 42 76.36% Hong Kong
81%
Oceania 40 93.02% Wellington
81%
Europe 34 69.39% Brussels
79%
North America 15 36.59% Houston
79%
Asia 44 80% Seoul
79%
Asia 42 76.36% Dubai
77%
North America 23 56.10% Boston
75%
South America 11 36.67% Montevideo
75%
Africa 35 92.11% Nairobi
75%
Africa 30 78.95% Addis Ababa
74%
Oceania 38 88.37% Adelaide
74%
Africa 21 55.26% Casablanca
74%
Africa 28 73.68% Kinshasa
74%
Oceania 43 100% Brisbane
72%
South America 20 66.67% Quito
72%
Africa 23 60.53% Dar es Salaam
70%
Asia 23 41.82% Guangzhou
68%
Africa 21 55.26% Luanda
56%
Oceania 17 39.53% Port Moresby
56%
Europe 24 48.98% Frankfurt
53%
Oceania 41 95.35% Honolulu
37%
No matching quizzes found
Score Distribution
Percent of People with Each Score
Percentile by Number Answered
Your Score History
You have not taken this quiz